Statistieken voor Willekeurige Afrikaanse Hoofdstad naar Land

Klik hier om de quiz te nemen!

Algemene statistieken

  • Deze quiz is 538 keer genomen
  • De gemiddelde score is 7 van 10

Antwoordstatistieken

HoofdstadLand% Correct
NairobiKenia
100%
Pretoria | Kaapstad |
Bloemfontein
Zuid-Afrika
100%
AlgiersAlgerije
96%
São ToméSao Tomé en Principe
95%
TunisTunesië
95%
BrazzavilleRepubliek Congo
94%
CaïroEgypte
91%
OuagadougouBurkina Faso
90%
DjiboutiDjibouti
90%
RabatMarokko
90%
WindhoekNamibië
89%
BissauGuinee-Bissau
88%
KinshasaDemocratische Republiek Congo
83%
LuandaAngola
81%
DakarSenegal
81%
YamoussoukroIvoorkust
77%
FreetownSierra Leone
77%
KhartoemSoedan
77%
HarareZimbabwe
77%
BamakoMali
76%
Port LouisMauritius
75%
Addis AbebaEthiopië
74%
LoméTogo
74%
AccraGhana
73%
TripoliLibië
73%
NouakchottMauritanië
71%
AbujaNigeria
70%
AsmaraEritrea
69%
LilongweMalawi
69%
MogadishuSomalië
69%
NiameyNiger
68%
KampalaOeganda
67%
DjoebaZuid-Soedan
67%
MonroviaLiberia
65%
YaoundéKameroen
64%
LusakaZambia
64%
Porto-Novo | CotonouBenin
63%
KigaliRwanda
63%
VictoriaSeychellen
63%
GaboroneBotswana
60%
AntananarivoMadagaskar
58%
ConakryGuinee
56%
NdjamenaTsjaad
55%
BanguiCentraal-Afrikaanse Republiek
54%
MalaboEquatoriaal-Guinea
53%
MbabaneEswatini
53%
LibrevilleGabon
53%
MaseruLesotho
52%
MoroniComoren
50%
MaputoMozambique
43%
PraiaKaapverdië
42%
BanjulGambia
41%
GitegaBurundi
39%
DodomaTanzania
30%

Scoreverdeling

Percentiel versus Aantal Correcte Antwoorden

Procent van Mensen met Elke Score

Uw Scoregeschiedenis

U heeft deze quiz nog niet genomen